000 01133ngm a22003370a 4500
001 PT16557
003 AR-LpoUNG
005 20210202000215.0
007 vd cvaizq
008 191001s2001||||ag |||||||||||||||||spa d
037 _c$8.30
040 _aAR-LpoUNG
_bspa
_cAR-LpoUNG
_eaacr
041 _aspa
044 _aag
082 0 _a909 532V28
245 1 3 _aLa Roma del imperio :
_bla vida cotidiana
260 _aBuenos Aires :
_bKalender Video Argentina,
_c2001.
300 _aVHS (56 min.) : son., byn, col.
520 _aRoma se ha transformado en un vasto y poderoso imperio que se extiende desde Hyspania hasta Siria. Su organización política, social y económica es la que corresponde a la potencia que era en la antiguedad. Aquí se analiza es estilo de vida de su población en esta epoca determinada.
650 4 _aCULTURA
650 4 _aHISTORIA SOCIAL
650 4 _aITALIA
650 4 _aPOLITICA
650 4 _aSISTEMAS POLITICOS
650 4 _aSOCIEDAD
653 _aVIDEOS
653 _aVIDEOS DIDACTICOS
710 2 _aMetropolitan Museum of Art (New York)
905 _a16557
942 _cVIDEO
999 _c54340
_d54340